[Event "FICGS rapid B 000186 email"]
[Site "FICGS email"]
[Date "2011.09.01"]
[Round "1"]
[White "Faust, Dieter"]
[Black "Biason, Adriano"]
[Result "1-0"]
[WhiteElo "1812"]
[BlackElo "1798"]
[PlyCount "35"]
[EventDate "2011.??.??"]
[EventType "tourn (rapid)"]
[EventRounds "6"]
[SourceTitle "Corr 2013"]
[Source "ChessBase"]
[SourceDate "2012.11.12"]
[SourceVersion "1"]
[SourceVersionDate "2012.11.12"]
[SourceQuality "1"]

1. d4 h6 2. c4 g5 3. Nc3 Bg7 4. f4 c5 5. dxc5 Bxc3+ 6. bxc3 Qa5 7. fxg5 hxg5 8. Bxg5 Qxc3+ 9. Bd2 Qg7 10. Qc1 Rxh2 11. Rxh2 Qg3+ 12. Kd1 Qxh2 13. Nf3 Qc7 14. Qb2 Nf6 15. g4 Qc6 16. g5 Ng8 17. Qh8 Kf8 18. Ne5 1-0

[Event "FICGS rapid B 000185 email"]
[Site "FICGS email"]
[Date "2011.08.16"]
[Round "1"]
[White "Faust, Dieter"]
[Black "Biason, Adriano"]
[Result "1-0"]
[WhiteElo "1812"]
[BlackElo "1798"]
[PlyCount "57"]
[EventDate "2011.??.??"]
[EventType "tourn (rapid)"]
[EventRounds "6"]
[SourceTitle "Corr 2013"]
[Source "ChessBase"]
[SourceDate "2012.11.12"]
[SourceVersion "1"]
[SourceVersionDate "2012.11.12"]
[SourceQuality "1"]

1. d4 h6 2. c4 g5 3. Nc3 Bg7 4. f4 c5 5. d5 Qa5 6. Bd2 d6 7. e3 gxf4 8. exf4 Bf5 9. Nge2 Na6 10. Ng3 Bd7 11. Nh5 Bd4 12. Nb5 Qb6 13. Qa4 Qd8 14. Qb3 Bxb5 15. cxb5 Nc7 16. Be2 Nf6 17. Nxf6+ Bxf6 18. 0-0-0 b6 19. Kb1 Qd7 20. g4 0-0-0 21. Be3 e5 22. fxe5 Bxe5 23. h3 Kb8 24. Rhf1 f6 25. Rd2 Rdf8 26. Qd3 Qh7 27. Qxh7 Rxh7 28. Bc4 Ne8 29. Rdf2 1-0

[Event "FICGS W-ch st1 g01 email"]
[Site "FICGS email"]
[Date "2011.04.01"]
[Round "1"]
[White "Biason, Adriano"]
[Black "Drozel, Horst"]
[Result "0-1"]
[WhiteElo "1837"]
[BlackElo "1681"]
[PlyCount "70"]
[EventDate "2011.??.??"]
[EventType "tourn (corr)"]
[EventRounds "7"]
[SourceTitle "Corr 2013"]
[Source "ChessBase"]
[SourceDate "2012.11.12"]
[SourceVersion "1"]
[SourceVersionDate "2012.11.12"]
[SourceQuality "1"]

1. d4 d5 2. c4 e6 3. Nf3 Nf6 4. Nc3 c6 5. Bg5 h6 6. Bxf6 Qxf6 7. e3 Nd7 8. Bd3 dxc4 9. Bxc4 g6 10. 0-0 Bg7 11. Bd3 0-0 12. Re1 e5 13. Qc2 Qd6 14. Ne4 Qc7 15. Rac1 exd4 16. Nxd4 Nf6 17. Nxf6+ Bxf6 18. h3 a5 19. Bc4 Kg7 20. Nf3 Bd7 21. Rcd1 Rae8 22. e4 Bc8 23. Rd2 Re7 24. Rde2 Be5 25. Nxe5 Qxe5 26. Rd1 b5 27. Bd3 Rd8 28. Re3 b4 29. b3 Be6 30. Qxc6 Rc7 31. Qa6 Rd6 32. Qa8 Rcd7 33. Qb8 Qc5 34. e5 Rd5 35. Rg3 Qc3 0-1

[Event "FICGS W-ch st1 g01 email"]
[Site "FICGS email"]
[Date "2011.04.01"]
[Round "1"]
[White "Biason, Adriano"]
[Black "Duenas, Alexis"]
[Result "1/2-1/2"]
[WhiteElo "1837"]
[BlackElo "2016"]
[PlyCount "34"]
[EventDate "2011.??.??"]
[EventType "tourn (corr)"]
[EventRounds "7"]
[SourceTitle "Corr 2013"]
[Source "ChessBase"]
[SourceDate "2012.11.12"]
[SourceVersion "1"]
[SourceVersionDate "2012.11.12"]
[SourceQuality "1"]

1. d4 d5 2. c4 e6 3. Nf3 Nf6 4. Nc3 Be7 5. Bg5 0-0 6. e3 h6 7. Bxf6 Bxf6 8. Qc2 c5 9. dxc5 Qa5 10. cxd5 exd5 11. 0-0-0 Bxc3 12. Qxc3 Qxa2 13. Bd3 Be6 14. Bb1 Qa6 15. Nd4 Nc6 16. Qd3 Qxd3 17. Bxd3 Rac8 1/2-1/2

[Event "FICGS W-ch st1 g01 email"]
[Site "FICGS email"]
[Date "2011.04.01"]
[Round "1"]
[White "Burden, Donald"]
[Black "Biason, Adriano"]
[Result "1-0"]
[WhiteElo "2147"]
[BlackElo "1837"]
[PlyCount "59"]
[EventDate "2011.??.??"]
[EventType "tourn (corr)"]
[EventRounds "7"]
[SourceTitle "Corr 2013"]
[Source "ChessBase"]
[SourceDate "2012.11.12"]
[SourceVersion "1"]
[SourceVersionDate "2012.11.12"]
[SourceQuality "1"]

1. e4 c5 2. Nf3 d6 3. d4 cxd4 4. Nxd4 Nf6 5. Nc3 a6 6. h3 e5 7. Nde2 Be7 8. g4 Be6 9. Bg2 Nc6 10. Be3 Na5 11. b3 0-0 12. g5 Nd7 13. h4 Rc8 14. Nd5 Bxd5 15. exd5 f6 16. Qd2 Nc5 17. gxf6 Bxf6 18. Bh3 Rb8 19. 0-0-0 b6 20. Ng3 Qc7 21. Kb1 Rbe8 22. h5 e4 23. Nf5 Nab7 24. Rhg1 Kh8 25. Rg3 Qf7 26. Rdg1 Re5 27. Bd4 Qxd5 28. Rxg7 Bxg7 29. Rxg7 e3 30. Qxe3 1-0

[Event "FICGS class C 000167 email"]
[Site "FICGS email"]
[Date "2011.01.07"]
[Round "1"]
[White "Biason, Adriano"]
[Black "Jacobs, Francois"]
[Result "1-0"]
[WhiteElo "1744"]
[BlackElo "1679"]
[PlyCount "37"]
[EventDate "2011.??.??"]
[EventType "tourn (corr)"]
[EventRounds "6"]
[SourceTitle "Corr 2013"]
[Source "ChessBase"]
[SourceDate "2012.11.12"]
[SourceVersion "1"]
[SourceVersionDate "2012.11.12"]
[SourceQuality "1"]

1. d4 Nf6 2. c4 g6 3. Nc3 Bg7 4. e4 d6 5. Nf3 0-0 6. Be2 e5 7. 0-0 Nc6 8. d5 Ne7 9. b4 Nh5 10. Re1 f5 11. Ng5 Nf4 12. Rb1 c6 13. c5 Nexd5 14. exd5 Qxg5 15. Bxf4 exf4 16. dxc6 bxc6 17. cxd6 Kh8 18. Na4 Be6 19. Rc1 1-0

[Event "FICGS class C 000167 email"]
[Site "FICGS email"]
[Date "2011.01.07"]
[Round "1"]
[White "Biason, Adriano"]
[Black "Panov, Dmitry"]
[Result "0-1"]
[WhiteElo "1744"]
[BlackElo "1664"]
[PlyCount "102"]
[EventDate "2011.??.??"]
[EventType "tourn (corr)"]
[EventRounds "6"]
[SourceTitle "Corr 2013"]
[Source "ChessBase"]
[SourceDate "2012.11.12"]
[SourceVersion "1"]
[SourceVersionDate "2012.11.12"]
[SourceQuality "1"]

1. d4 Nf6 2. c4 e6 3. Nf3 Bb4+ 4. Bd2 Bxd2+ 5. Qxd2 0-0 6. g3 b6 7. Bg2 Bb7 8. Nc3 d6 9. 0-0 Nbd7 10. d5 e5 11. Ne1 a5 12. Nd3 Qe7 13. e4 Nc5 14. Nxc5 bxc5 15. Rac1 a4 16. f4 Rfe8 17. Kh1 exf4 18. Rxf4 Bc8 19. Nb5 Ng4 20. Bf1 Ne5 21. Rf2 f6 22. Be2 Ba6 23. Qc3 Qd7 24. Na3 Rab8 25. Nc2 Nf7 26. Rf4 Qe7 27. Na3 Ne5 28. Rf2 Ng6 29. Bd3 Rb4 30. Nc2 Rxc4 31. Qa3 Bb5 32. Rd1 Ne5 33. Bxc4 Nxc4 34. Qc3 Qxe4+ 35. Kg1 Qg4 36. Qf3 Qg6 37. Qc3 Ne5 38. Re1 Bd3 39. Ne3 Be4 40. Ng2 Bxd5 41. Nf4 Qf7 42. Nxd5 Qxd5 43. Ra1 c4 44. Raf1 Qc5 45. Kh1 Nd3 46. Rc2 Qc6+ 47. Kg1 Qb6+ 48. Kh1 d5 49. Qa3 Qc6 50. Qxd3 cxd3 51. Rxc6 d2 0-1

[Event "FICGS rapid B 000171 email"]
[Site "FICGS email"]
[Date "2011.01.04"]
[Round "1"]
[White "Faust, Dieter"]
[Black "Biason, Adriano"]
[Result "1/2-1/2"]
[WhiteElo "1852"]
[BlackElo "1744"]
[PlyCount "33"]
[EventDate "2011.??.??"]
[EventType "tourn (rapid)"]
[EventRounds "6"]
[SourceTitle "Corr 2013"]
[Source "ChessBase"]
[SourceDate "2012.11.12"]
[SourceVersion "1"]
[SourceVersionDate "2012.11.12"]
[SourceQuality "1"]

1. d4 Nf6 2. c4 e6 3. Nc3 Bb4 4. Nf3 c5 5. g3 cxd4 6. Nxd4 0-0 7. Bg2 d5 8. cxd5 Nxd5 9. Qb3 Qa5 10. Bd2 Nc6 11. Nxc6 bxc6 12. 0-0 Bxc3 13. Bxc3 Nxc3 14. bxc3 Ba6 15. Bf3 Rab8 16. Qc2 c5 17. Rfd1 1/2-1/2

[Event "FICGS rapid B 000167 email"]
[Site "FICGS email"]
[Date "2010.12.10"]
[Round "1"]
[White "Biason, Adriano"]
[Black "Mamrukov, Dmitri"]
[Result "0-1"]
[WhiteElo "1729"]
[BlackElo "1841"]
[PlyCount "114"]
[EventDate "2010.??.??"]
[EventType "tourn (rapid)"]
[EventRounds "5"]
[SourceTitle "Corr 2013"]
[Source "ChessBase"]
[SourceDate "2012.11.12"]
[SourceVersion "1"]
[SourceVersionDate "2012.11.12"]
[SourceQuality "1"]

1. d4 d5 2. c4 c6 3. Nf3 Nf6 4. Nc3 dxc4 5. a4 Bf5 6. Ne5 Nbd7 7. Nxc4 Nb6 8. Ne5 a5 9. g3 e6 10. Bg2 Bb4 11. 0-0 0-0 12. e3 h6 13. Qe2 Bh7 14. Rd1 Nfd7 15. Nd3 Qe7 16. e4 Rfd8 17. Bd2 e5 18. dxe5 Nxe5 19. Nxe5 Qxe5 20. Be3 Bc5 21. Rac1 Bxe3 22. Qxe3 Nc4 23. Qe2 Nb6 24. Bf1 Nd7 25. f3 Qc5+ 26. Kh1 Qb4 27. Qe3 Ne5 28. Be2 f6 29. b3 Kh8 30. Rb1 Rxd1+ 31. Rxd1 Bg8 32. f4 Bxb3 33. Rd4 Nc4 34. Qd3 Rg8 35. g4 Qa3 36. Rxc4 Bxc4 37. Qxc4 Qc1+ 38. Kg2 Qxf4 39. Qd3 Qc7 40. Qg3 Qxg3+ 41. Kxg3 Rd8 42. Kf4 Rd2 43. Ke3 Rc2 44. Kd3 Rb2 45. Ke3 g5 46. h3 Kg7 47. Kd4 Kf8 48. Ke3 Ke7 49. Nd1 Rb3+ 50. Kd2 Kd6 51. Ne3 b5 52. Bd1 Rb4 53. axb5 cxb5 54. Nd5 Rxe4 55. Nc3 Rb4 56. Be2 Kc5 57. Bd3 a4 0-1

[Event "FICGS rapid B 000167 email"]
[Site "FICGS email"]
[Date "2010.12.10"]
[Round "1"]
[White "Roe, Philip Lawrence"]
[Black "Biason, Adriano"]
[Result "0-1"]
[WhiteElo "1786"]
[BlackElo "1729"]
[PlyCount "62"]
[EventDate "2010.??.??"]
[EventType "tourn (rapid)"]
[EventRounds "5"]
[SourceTitle "Corr 2013"]
[Source "ChessBase"]
[SourceDate "2012.11.12"]
[SourceVersion "1"]
[SourceVersionDate "2012.11.12"]
[SourceQuality "1"]

1. Nc3 c5 2. Nf3 e6 3. d4 cxd4 4. Nxd4 a6 5. e4 Qc7 6. g3 b5 7. Bf4 d6 8. Bxb5+ axb5 9. Ndxb5 Qb6 10. Bxd6 Na6 11. Bxf8 Kxf8 12. Qd6+ Qxd6 13. Nxd6 Nf6 14. e5 Ng4 15. f4 Bd7 16. Ke2 Bc6 17. Rhb1 Nxh2 18. b4 Bf3+ 19. Ke3 Ke7 20. b5 Nc5 21. a4 f6 22. Nc4 Rac8 23. a5 Nd7 24. exf6+ Nxf6 25. Ra4 Rhd8 26. Kf2 Nfg4+ 27. Ke1 Ne3 28. Nxe3 Rxc3 29. Rb3 Rxe3+ 30. Rxe3 Rd1+ 31. Kf2 Rf1# 0-1

[Event "FICGS rapid B 000167 email"]
[Site "FICGS email"]
[Date "2010.12.10"]
[Round "1"]
[White "Ropokis, Dimitrios"]
[Black "Biason, Adriano"]
[Result "0-1"]
[WhiteElo "1848"]
[BlackElo "1729"]
[PlyCount "98"]
[EventDate "2010.??.??"]
[EventType "tourn (rapid)"]
[EventRounds "5"]
[SourceTitle "Corr 2013"]
[Source "ChessBase"]
[SourceDate "2012.11.12"]
[SourceVersion "1"]
[SourceVersionDate "2012.11.12"]
[SourceQuality "1"]

1. e4 c5 2. Nc3 Nc6 3. f4 g6 4. Nf3 Bg7 5. Bb5 Nd4 6. 0-0 e6 7. a4 Ne7 8. d3 0-0 9. e5 f6 10. Nxd4 cxd4 11. Ne4 fxe5 12. fxe5 Bxe5 13. Bh6 Rxf1+ 14. Qxf1 Nf5 15. Bf4 Bxf4 16. Qxf4 a6 17. g4 Qh4 18. Bc4 h5 19. Qf2 hxg4 20. Qxh4 Nxh4 21. Nf6+ Kg7 22. Nxg4 d6 23. Bb3 Bd7 24. Rf1 Nf5 25. Nf2 Ne3 26. Rc1 d5 27. Nd1 a5 28. c3 Nf5 29. Nf2 Rc8 30. Kf1 b5 31. axb5 Bxb5 32. Bd1 a4 33. Ke1 a3 34. Rb1 Bc6 35. cxd4 Rb8 36. b3 Nxd4 37. Ra1 Ra8 38. Ng4 Bb5 39. Kd2 Nc6 40. h3 a2 41. Ne3 Ra3 42. d4 Nxd4 43. Kc3 Nxb3 44. Bxb3 Ba4 45. Rxa2 Rxb3+ 46. Kd4 Be8 47. Ra7+ Bf7 48. Ng4 Rxh3 49. Ne5 Rh4+ 0-1

[Event "FICGS rapid C 000095 email"]
[Site "FICGS email"]
[Date "2010.11.16"]
[Round "1"]
[White "Giandomenico, Alfonso"]
[Black "Biason, Adriano"]
[Result "0-1"]
[WhiteElo "1575"]
[BlackElo "1729"]
[PlyCount "54"]
[EventDate "2010.??.??"]
[EventType "tourn (rapid)"]
[EventRounds "4"]
[SourceTitle "Corr 2022"]
[Source "ChessBase"]
[SourceDate "2021.10.24"]
[SourceVersion "1"]
[SourceVersionDate "2021.10.24"]
[SourceQuality "1"]

1. e4 c5 2. Nf3 d6 3. d4 cxd4 4. Nxd4 Nf6 5. Nc3 a6 6. Bd3 g6 7. Bd2 Bg7 8. Nb3 0-0 9. 0-0 Nc6 10. Kh1 d5 11. exd5 Nxd5 12. Nxd5 Qxd5 13. Rb1 Ne5 14. Bc3 Nxd3 15. Qxd3 Qxd3 16. cxd3 Be6 17. Nc1 Rac8 18. Bxg7 Kxg7 19. Nb3 Rfd8 20. Rfd1 Bxb3 21. axb3 Rc2 22. Kg1 Rd4 23. g3 e6 24. Kf1 Rd5 25. d4 Rf5 26. f4 Rxh2 27. Ke1 Rg2 0-1

[Event "FICGS class C 000161 email"]
[Site "FICGS email"]
[Date "2010.11.11"]
[Round "1"]
[White "Biason, Adriano"]
[Black "Padilla, Jesus"]
[Result "1-0"]
[WhiteElo "1729"]
[BlackElo "1765"]
[PlyCount "43"]
[EventDate "2010.??.??"]
[EventType "tourn (corr)"]
[EventRounds "6"]
[SourceTitle "Corr 2013"]
[Source "ChessBase"]
[SourceDate "2012.11.12"]
[SourceVersion "1"]
[SourceVersionDate "2012.11.12"]
[SourceQuality "1"]

1. d4 Nf6 2. c4 e6 3. Nf3 d5 4. Nc3 Be7 5. Bg5 h6 6. Bh4 0-0 7. e3 b6 8. Be2 Bb7 9. Bxf6 Bxf6 10. cxd5 exd5 11. 0-0 Nd7 12. Qc2 c6 13. Rfe1 Rc8 14. Qf5 Re8 15. Bd3 Nf8 16. Rad1 g6 17. Qh3 Bg7 18. e4 Qf6 19. e5 Qe6 20. Qg3 Nd7 21. a3 c5 22. Nb5 1-0

[Event "FICGS class C 000161 email"]
[Site "FICGS email"]
[Date "2010.11.11"]
[Round "1"]
[White "Biason, Adriano"]
[Black "Schutte, John"]
[Result "0-1"]
[WhiteElo "1729"]
[BlackElo "1800"]
[PlyCount "98"]
[EventDate "2010.??.??"]
[EventType "tourn (corr)"]
[EventRounds "6"]
[SourceTitle "Corr 2013"]
[Source "ChessBase"]
[SourceDate "2012.11.12"]
[SourceVersion "1"]
[SourceVersionDate "2012.11.12"]
[SourceQuality "1"]

1. d4 d5 2. c4 c6 3. Nf3 Nf6 4. Nc3 e6 5. Bg5 h6 6. Bh4 dxc4 7. e4 g5 8. Bg3 b5 9. Be2 Bb7 10. 0-0 Nbd7 11. Ne5 h5 12. Nxd7 Qxd7 13. Be5 Rh6 14. Qc1 Nh7 15. f4 Be7 16. Qe3 0-0-0 17. Rad1 f6 18. fxg5 fxe5 19. gxh6 exd4 20. Qg3 d3 21. Bxh5 b4 22. Na4 Qd4+ 23. Kh1 Ng5 24. e5 c5 25. h7 Bc6 26. b3 Qe4 27. Nxc5 Qxh7 28. Nxe6 Nxe6 29. Qg4 Kd7 30. Bf7 Bd5 31. bxc4 Rh8 32. Bxe6+ Bxe6 33. Qg3 Bf5 34. e6+ Kc8 35. Qe5 Be4 36. Kg1 Qh4 37. Rf7 Rh5 38. Qf4 Bc5+ 39. Kh1 Qxf4 40. Rxf4 Re5 41. Rf6 Rg5 42. Rd2 Be3 43. e7 Re5 44. Rf8+ Kd7 45. Rxd3+ Bxd3 46. Rd8+ Kxe7 47. Rxd3 Bc1 48. Rd1 Bh6 49. g3 a5 0-1

[Event "FICGS class C 000161 email"]
[Site "FICGS email"]
[Date "2010.11.11"]
[Round "1"]
[White "Krakovsky, Peter"]
[Black "Biason, Adriano"]
[Result "0-1"]
[WhiteElo "1654"]
[BlackElo "1729"]
[PlyCount "38"]
[EventDate "2010.??.??"]
[EventType "tourn (corr)"]
[EventRounds "6"]
[SourceTitle "Corr 2013"]
[Source "ChessBase"]
[SourceDate "2012.11.12"]
[SourceVersion "1"]
[SourceVersionDate "2012.11.12"]
[SourceQuality "1"]

1. e4 c5 2. Nf3 d6 3. d4 cxd4 4. Nxd4 Nf6 5. Nc3 a6 6. Be3 e5 7. Nb3 Be6 8. f3 Nbd7 9. Qd2 b5 10. 0-0-0 Nb6 11. Qf2 Nc4 12. Bxc4 bxc4 13. Nc5 Be7 14. h4 Qc8 15. N5a4 Rb8 16. h5 h6 17. Qg3 Kf8 18. Qf2 Qc6 19. g4 Kg8 0-1

[Event "FICGS rapid C 000094 email"]
[Site "FICGS email"]
[Date "2010.10.26"]
[Round "1"]
[White "Glosery, John"]
[Black "Biason, Adriano"]
[Result "0-1"]
[WhiteElo "1600"]
[BlackElo "1630"]
[PlyCount "48"]
[EventDate "2010.??.??"]
[EventType "tourn (rapid)"]
[EventRounds "6"]
[SourceTitle "Corr 2013"]
[Source "ChessBase"]
[SourceDate "2012.11.12"]
[SourceVersion "1"]
[SourceVersionDate "2012.11.12"]
[SourceQuality "1"]

1. e4 c5 2. Nc3 Nc6 3. f4 g6 4. Bb5 Nd4 5. Bc4 d6 6. Nf3 Bg4 7. 0-0 Bxf3 8. Rxf3 Nxf3+ 9. Qxf3 a6 10. a3 Bg7 11. Nd5 e6 12. Ne3 Ne7 13. Rb1 b5 14. Ba2 Nc6 15. c3 Rb8 16. b4 0-0 17. e5 Rc8 18. Ng4 cxb4 19. cxb4 dxe5 20. fxe5 Qd4+ 21. Kh1 Nxe5 22. Nxe5 Bxe5 23. g3 Rxc1+ 24. Rxc1 Qxd2 0-1

[Event "Trieste op 12th"]
[Site "Trieste"]
[Date "2010.09.10"]
[Round "8"]
[White "Sevenyuk, Alexey"]
[Black "Biason, Adriano"]
[Result "1-0"]
[WhiteElo "1932"]
[BlackElo "1928"]
[PlyCount "63"]
[EventDate "2010.09.04"]
[EventType "swiss"]
[EventRounds "9"]
[EventCountry "ITA"]
[SourceTitle "CBM 138 Extra"]
[Source "ChessBase"]
[SourceDate "2010.10.29"]
[SourceVersion "1"]
[SourceVersionDate "2010.10.29"]
[SourceQuality "1"]

1. e4 c5 2. c3 Nf6 3. e5 Nd5 4. d4 cxd4 5. Nf3 d6 6. Bc4 dxe5 7. Nxe5 e6 8. 0-0 Nf6 9. Bb5+ Bd7 10. Bxd7+ Nbxd7 11. Qxd4 Bc5 12. Qa4 0-0 13. Rd1 Qc7 14. Nxd7 Nxd7 15. Rxd7 Qe5 16. Qd1 Bb6 17. Nd2 Rfd8 18. Nf3 Rxd7 19. Qxd7 Qe2 20. Be3 Rd8 21. Qa4 Bxe3 22. fxe3 b5 23. Qb3 g5 24. Re1 Qd3 25. Nxg5 Rd5 26. Nf3 a5 27. e4 a4 28. Qb4 Rh5 29. Qd4 Qc4 30. Qxc4 bxc4 31. e5 f5 32. Rd1 1-0

[Event "Trieste op 12th"]
[Site "Trieste"]
[Date "2010.09.05"]
[Round "3"]
[White "Biason, Adriano"]
[Black "Tonel, Giulia"]
[Result "0-1"]
[WhiteElo "1928"]
[BlackElo "2001"]
[PlyCount "76"]
[EventDate "2010.09.04"]
[EventType "swiss"]
[EventRounds "9"]
[EventCountry "ITA"]
[SourceTitle "CBM 138 Extra"]
[Source "ChessBase"]
[SourceDate "2010.10.29"]
[SourceVersion "1"]
[SourceVersionDate "2010.10.29"]
[SourceQuality "1"]

1. d4 Nf6 2. c4 g6 3. Nc3 Bg7 4. e4 d6 5. Nf3 0-0 6. Be2 e5 7. 0-0 Nc6 8. d5 Ne7 9. b4 a5 10. bxa5 Rxa5 11. Bd2 b6 12. Qc2 Nd7 13. a4 f5 14. Ng5 Nc5 15. Nb5 Ra8 16. a5 h6 17. axb6 Rxa1 18. Rxa1 hxg5 19. bxc7 Qd7 20. Bxg5 Ba6 21. exf5 Nxf5 22. Bg4 Bxb5 23. cxb5 Qxc7 24. Rb1 Qb7 25. Qc4 Rc8 26. h4 e4 27. h5 Ne6 28. Qc6 Rxc6 29. dxc6 Qb6 30. Bd2 Bd4 31. hxg6 Bxf2+ 32. Kh2 Bg3+ 33. Kh1 Ned4 34. Bxf5 Nxf5 35. Ba5 Qxa5 36. b6 Qa2 37. Rf1 Ne3 38. Rg1 Qe2 0-1

[Event "Trieste op 12th"]
[Site "Trieste"]
[Date "2010.09.04"]
[Round "1"]
[White "Biason, Adriano"]
[Black "Cherin, Diego"]
[Result "0-1"]
[WhiteElo "1928"]
[BlackElo "2285"]
[PlyCount "126"]
[EventDate "2010.09.04"]
[EventType "swiss"]
[EventRounds "9"]
[EventCountry "ITA"]
[SourceTitle "CBM 138 Extra"]
[Source "ChessBase"]
[SourceDate "2010.10.29"]
[SourceVersion "1"]
[SourceVersionDate "2010.10.29"]
[SourceQuality "1"]

1. d4 f5 2. g3 Nf6 3. Nf3 g6 4. Bg2 Bg7 5. c4 0-0 6. 0-0 d6 7. Nc3 Nc6 8. d5 Na5 9. Nd2 c5 10. a3 Bd7 11. Rb1 Ng4 12. Qc2 Ne5 13. h3 a6 14. b3 g5 15. f4 gxf4 16. gxf4 Ng6 17. Nf3 b5 18. cxb5 axb5 19. e3 Rc8 20. Ne2 Qb6 21. Rd1 Rc7 22. Kf2 b4 23. h4 c4 24. bxc4 b3 25. Qd3 b2 26. h5 bxc1Q 27. Rxb6 Qxc4 28. hxg6 hxg6 29. Nfd4 Qxd3 30. Rxd3 Nc4 31. Rb4 Ra8 32. Rc3 Rac8 33. Bf1 Nd2 34. Rxc7 Ne4+ 35. Kf3 Rxc7 36. Bg2 Kf7 37. Ng3 Nxg3 38. Kxg3 Rc3 39. Kf3 Rxa3 40. Rb3 Rxb3 41. Nxb3 Bc3 42. Nc1 Bb5 43. Ne2 Bb2 44. Ng3 Bc4 45. e4 Bd4 46. Ne2 Bc5 47. Ng3 Kf6 48. Nf1 Bd3 49. exf5 gxf5 50. Bh3 Be4+ 51. Ke2 Bxd5 52. Ng3 e6 53. Nh5+ Kg6 54. Ng3 Ba3 55. Kd2 Bb2 56. Ne2 Kh5 57. Ng3+ Kh4 58. Nxf5+ exf5 59. Bxf5 Kg3 60. Ke3 Bc1+ 61. Kd4 Bf7 62. Bc2 Kxf4 63. Bh7 Be6 0-1

[Event "FICGS rapid D 000045 email"]
[Site "FICGS email"]
[Date "2010.08.24"]
[Round "1"]
[White "Biason, Adriano"]
[Black "Colarina, Floram"]
[Result "1-0"]
[WhiteElo "1433"]
[BlackElo "1464"]
[PlyCount "51"]
[EventDate "2010.??.??"]
[EventType "tourn (rapid)"]
[EventRounds "5"]
[SourceTitle "Corr 2013"]
[Source "ChessBase"]
[SourceDate "2012.11.12"]
[SourceVersion "1"]
[SourceVersionDate "2012.11.12"]
[SourceQuality "1"]

1. d4 d5 2. c4 Nf6 3. Nc3 c6 4. Nf3 Bf5 5. cxd5 Nxd5 6. Nd2 e6 7. e4 Nxc3 8. bxc3 Bg6 9. Qb3 Qc7 10. h4 Nd7 11. h5 Bxe4 12. Nxe4 h6 13. Be2 Be7 14. 0-0 Nf6 15. Nxf6+ Bxf6 16. Rb1 0-0 17. Qxb7 Qxb7 18. Rxb7 a5 19. Ba3 Rfe8 20. Rfb1 e5 21. Bc4 Red8 22. Rxf7 Kh8 23. Bc5 Rab8 24. Rxb8 exd4 25. Rxd8+ Bxd8 26. Rf8+ 1-0

[Event "FICGS W-ch st1 g06 email"]
[Site "FICGS email"]
[Date "2010.07.02"]
[Round "1"]
[White "Biason, Adriano"]
[Black "Bester, Kazimierz"]
[Result "1-0"]
[WhiteElo "1433"]
[BlackElo "1301"]
[PlyCount "59"]
[EventDate "2010.??.??"]
[EventType "tourn (corr)"]
[EventRounds "5"]
[SourceTitle "Corr 2013"]
[Source "ChessBase"]
[SourceDate "2012.11.12"]
[SourceVersion "1"]
[SourceVersionDate "2012.11.12"]
[SourceQuality "1"]

1. d4 Nf6 2. c4 g6 3. Nf3 Bg7 4. Nc3 d6 5. e3 0-0 6. Be2 Bf5 7. 0-0 Nbd7 8. b3 Nb8 9. Bb2 Nc6 10. d5 Nb4 11. Qd2 a5 12. a3 Na6 13. Nd4 Nc5 14. Nxf5 Nxb3 15. Qd1 Nxa1 16. Nxg7 Kxg7 17. Ne4 Qd7 18. Bxa1 Qf5 19. g4 Qxe4 20. Bd3 Qxd3 21. Qxd3 Kg8 22. Bxf6 exf6 23. f4 Rae8 24. Rf3 b6 25. h4 Re7 26. h5 Rfe8 27. h6 g5 28. fxg5 fxg5 29. Qf5 Kh8 30. Qf6+ 1-0